STN 06 1401 Lokálne spotrebiče na plynné palivá Všeobecné požiadavky

Bibliographic Details
Format: Book
Language:Undetermined
PhysicalDescription:40 s.
Published: Bratislava Úrad pre normalizáciu, metrológiu a skúšobníctvo SR 2000

MARC

LEADER 00000nam a2200000 a 4500
001 vtls001385986
003 SK-MaSNL
005 20260223174202.0
008 160624sm y0 xo 0 und
035 |a SNK000340134 
040 |a SNK  |b slo  |c SNK  |e AACR2 
044 |a xo  |c SK 
245 1 |a STN 06 1401 Lokálne spotrebiče na plynné palivá  |b Všeobecné požiadavky 
260 |a Bratislava  |b Úrad pre normalizáciu, metrológiu a skúšobníctvo SR  |c 2000 
300 |a 40 s. 
999 |c 637331  |d 639261 
952 |t P60, <03>, [BOOK], {603}  |a SNK  |b SNK  |y PREZ  |7 0  |p 17A0232525  |o snkSTN 06 1401  |i snkN 74/2000  |0 0  |1 0  |4 0  |d 2000-03-29  |l 0  |r 2005-01-02 00:00:00  |w 2026-02-23 
952 |t P60, <04>, [BOOK], {604}  |a SNK  |b SNK  |y VYP  |7 0  |p 17A0232526  |o snkSTN 06 1401 D1  |i snkN 75/2000  |0 0  |1 0  |4 0  |d 2000-03-29  |l 0  |r 2005-01-02 00:00:00  |w 2026-02-23